Rimbaud : Roman - Statistiques

Statistiques générales
  • Ce quiz a été pris 63 fois
  • Le résultat moyen est 16 sur 32
Statistiques - réponses
Hint Réponse % Correct
On est pas ____ quand on a dix-sept ans. sérieux
100%
- On est pas ___ quand on a dix-sept ans sérieux
100%
- On va sous les tilleuls, verts de la _____ . promenade
75%
- Un beau soir, foins des ___ et de la limonade, bocks
73%
Les tilleuls sentent bon dans les bons soirs de ___ ! juin
62%
Et qu'on a des ____ verts sur la promenade tilleuls
60%
Tout en faisant trotter ses petites ____, bottines
58%
Des cafés _____ aux lustres éclatants ! tapageurs
58%
Vous êtes _____ . Loué jusqu'au mois d'août. amoureux
55%
A des _____ de vigne, et des _____ de bière... parfums
51%
Le cœur fou _____ à travers les romans, robinsonne
51%
Le vent chargé de ___ - la ville n'est pas loin - bruits
49%
Passe une _____ aux petits airs charmants, demoiselle
49%
- Lorsque, dans la clarté d'un pâle _____ , réverbère
49%
- Vous êtes amoureux. Vos ____ La font rire. sonnets
49%
- Sur vos lèvres alors meurent les ____... cavatines
47%
La sève est du _____ et vous monte à la tête... champagne
47%
Piqué d'une mauvaise ____ , qui se fond étoile
47%
Tous vos amis s'en vont, vous êtes mauvais ___ . goût
47%
Et, comme elle vous trouve _____ naïf, immensément
47%
Vous ____ des bocks ou de la limonade... demandez
45%
Nuit de juin ! Dix sept ans ! On se laisse ____ . griser
45%
- Voilà qu'on ____ un tout petit chiffon aperçoit
44%
L'air est ____ si doux, qu'on ferme la paupière ; parfois
44%
Puis l' _____ , un soir, a daigné vous écrire ! adorée
40%
Sous l'ombre du faux col _____ de son père... effrayant
40%
Qui ____ là, comme une petite bête... palpite
40%
- Ce soir là, ...- vous rentrez aux cafés ____ , éclatants
38%
Elle se tourne, ____ et d'un mouvement vif... alerte
35%
On _____ ; on se sent aux lèvres un baiser divague
35%
D'azur sombre, _____ d'une petite branche, encadré
29%
Avec de doux _____, petite et toute blanche... frissons
27%
Aucun quiz correspondant
Distribution des résultats
% des personnes avec chaque résultat
Percentile par nombre de réponses
Votre historique - résultats
Vous n’avez pas pris ce quiz